<?xml version="1.0" encoding="UTF-8"?>
<record
    xmlns:xsi="http://www.w3.org/2001/XMLSchema-instance"
    xsi:schemaLocation="http://www.loc.gov/MARC21/slim http://www.loc.gov/standards/marcxml/schema/MARC21slim.xsd"
    xmlns="http://www.loc.gov/MARC21/slim">

  <leader>00728ndm a2200217 a 4500</leader>
  <controlfield tag="001">C00038060c</controlfield>
  <controlfield tag="005">20241029145046.0</controlfield>
  <controlfield tag="008">990628s1891       fga         n    spa d</controlfield>
  <datafield tag="080" ind1=" " ind2=" ">
    <subfield code="a">786.6.083.28</subfield>
  </datafield>
  <datafield tag="100" ind1="1" ind2=" ">
    <subfield code="a">Busca de Sagastiz&#xE1;bal, Ignacio (</subfield>
    <subfield code="d">1868-1950)</subfield>
    <subfield code="9">25063</subfield>
  </datafield>
  <datafield tag="245" ind1="1" ind2="0">
    <subfield code="a">Fuga para &#xF3;rgano [M&#xFA;sica manuscrita] / </subfield>
    <subfield code="c">Ignacio Busca.</subfield>
  </datafield>
  <datafield tag="260" ind1=" " ind2=" ">
    <subfield code="c">1891.</subfield>
  </datafield>
  <datafield tag="300" ind1=" " ind2=" ">
    <subfield code="a">Partitura (12 p.) ; </subfield>
    <subfield code="c">22 x 32 cm.</subfield>
  </datafield>
  <datafield tag="500" ind1=" " ind2=" ">
    <subfield code="a">Contiene: dos fugas y versos f&#xE1;ciles para &#xF3;rgano.</subfield>
  </datafield>
  <datafield tag="500" ind1=" " ind2=" ">
    <subfield code="a">Ms. a tinta en papel pautado horizontal de 12 pentagramas.</subfield>
  </datafield>
  <datafield tag="500" ind1=" " ind2=" ">
    <subfield code="a">Ded. autogr. del autor a Felipe Gorriti.</subfield>
  </datafield>
  <datafield tag="650" ind1="0" ind2="4">
    <subfield code="a">C&#xE1;nones, Fugas, etc. (&#xD3;rgano)</subfield>
    <subfield code="9">7628</subfield>
  </datafield>
  <datafield tag="852" ind1="4" ind2="2">
    <subfield code="j">FJIM-1909</subfield>
  </datafield>
  <datafield tag="952" ind1=" " ind2=" ">
    <subfield code="0">0</subfield>
    <subfield code="1">0</subfield>
    <subfield code="4">0</subfield>
    <subfield code="7">0</subfield>
    <subfield code="8">MUSICA</subfield>
    <subfield code="a">RABASF</subfield>
    <subfield code="b">RABASF</subfield>
    <subfield code="c">DP1</subfield>
    <subfield code="d">1999-06-28</subfield>
    <subfield code="e">D</subfield>
    <subfield code="l">0</subfield>
    <subfield code="o">FJIM-1909</subfield>
    <subfield code="p">1040265</subfield>
    <subfield code="r">2024-10-15 09:30:49</subfield>
    <subfield code="w">2024-10-15</subfield>
    <subfield code="y">PARTA</subfield>
  </datafield>
  <datafield tag="999" ind1=" " ind2=" ">
    <subfield code="c">37209</subfield>
    <subfield code="d">37209</subfield>
  </datafield>
</record>
